Auge y caída del antiguo Egipto : historia de una civilización desde el año 3000 a.C. hasta la época de Cleopatra / Toby Wilkinson ; traducción de Francisco J. Ramos Mena (Registro nro. 44490)
[ vista simple ]
| 000 -LÍDER | |
|---|---|
| Campo fijo de descripción fija | 014690000a22002050004500 |
| 020 ## - NÚMERO INTERNACIONAL NORMALIZADO PARA LIBROS | |
| Número Internacional Normalizado del libro | 978-84-9992-017-7 |
| 082 04 - NÚMERO DE CLASIFICACIÓN DECIMAL DEWEY | |
| Número de clasificación | G 932.01 W6861a |
| 001 - NÚMERO DE CONTROL | |
| Campo de control | 17997 |
| 100 1# - ASIENTO PRINCIPAL--NOMBRE PERSONAL | |
| Nombre personal | Wilkinson, Toby A. H. |
| 245 10 - TÍTULO | |
| Título del Material | Auge y caída del antiguo Egipto : historia de una civilización desde el año 3000 a.C. hasta la época de Cleopatra / Toby Wilkinson ; traducción de Francisco J. Ramos Mena |
| 260 ## - PUBLICACIÓN, DISTRIBUCIÓN, ETC. (PIE DE IMPRENTA) | |
| Lugar de publicación, distribución, etc. | Barcelona : Debate |
| 300 ## - DESCRIPCIÓN FÍSICA | |
| Extensión | 698 p., [46] p. de lám. : il. col. y n. ; 23 cm |
| 490 0# - MENCIÓN DE SERIE | |
| Mención de serie | Col Debate Historia |
| 501 ## - NOTA DE “CON” | |
| Nota de Contenido | pasta dura |
| 505 00 - NOTA DE CONTENIDO | |
| Nota de contenido con formato preestablecido | Índice de contenido: Derecho divino (5000-2175 a.C.) : El principio ; Dios encarnado ; Poder absoluto ; El cielo en la Tierra ; La eternidad garantizada -- El fin de la inocencia (2175-1541 a.C.) : Guerra Civil ; El paraíso aplazado ; El rostro de la tiranía ; Amarga cosecha -- El poder y la gloria (1541-1322 a.C.) : Se restablece el orden ; Las fronteras se ensanchan ; Rey y patria ; La edad de oro ; revolución real -- Poderío militar (1322-1069 a.C.) : Ley marcial ; Guerra y paz ; Triunfo y tragedia ; Una espada de doble filo -- Cambio y decadencia (1069-30 a.C.) : Escisiones internas ; Un trono deslucido ; La voluble rueda de la fortuna ; Invasión e introspección ; El largo adiós ; "Finis" |
| 650 14 - ASIENTO SECUNDARIO DE MATERIA - TERMINO TEMÁTICO | |
| Término temático o nombre geográfico como elemento de entrada | EGIPTO - HISTORIA - CIVILIZACION \ EGIPTO - HISTORIA - HASTA 640 D.C. |
| 700 1# - ASIENTO SECUNDARIO - NOMBRE PERSONAL | |
| Nombre personal | Ramos Mena, Francisco J., Trad. |
| 942 ## - TIPO DE MATERIAL (KOHA) | |
| Tipo de Item KOHA | Libros General |
| Estado de Material | Estado de Perdido | Estado de Dañado | No para Préstamo | Colección | Tomo | Biblioteca de Origen | Biblioteca Permanente | Fecha de Adquisición | Total de Préstamos | Total de Renovaciones | Signatura Topográfica | Código de Barras | Última vez visto | Última vez Préstado | Ejemplar/Existencia | Fecha de Remplazo | Tipo de Material |
|---|---|---|---|---|---|---|---|---|---|---|---|---|---|---|---|---|---|
| Colección General | Biblioteca FUSBC | Biblioteca FUSBC | 12/07/2013 | 1 | 1 | G 932.01 W6861a | 17836 | 07/11/2025 | 08/10/2025 | 1 | 26/01/2016 | Libros General |
